| 000 | 01177 a2200289 4500 | ||
|---|---|---|---|
| 001 | 200129333 | ||
| 999 |
_c200129333 _d36143 |
||
| 003 | TR-AnTOB | ||
| 005 | 20240923134245.0 | ||
| 020 | _a9786053599470 | ||
| 040 | _aTR-AnTOB | ||
| 041 | _atur | ||
| 050 |
_aHV5840.T9 _bT875 2012 |
||
| 090 | _aHV5840.T9 T875 2012 | ||
| 245 | 1 | 0 |
_aTürkiye uyuşturucu raporu : _bEMCDDA 2012 Ulusal raporu (2011 verileri) : _bReitox ulusal temas noktası : _bTürkiye, yeni gelişmeler, trendler, seçilmiş konular / _cTürkiye Uyuşturucu ve Uyuşturucu Bağımlılığı İzleme Merkezi (TUBİM). |
| 264 | 1 |
_aAnkara: _bTürkiye Uyuşturucu ve Uyuşturucu Bağımlılığı İzleme Merkezi, _c2012. |
|
| 300 |
_a197 sayfa. ; _btabl. ; _c29 cm. |
||
| 490 | 0 |
_aKOM Yayınları _v92 |
|
| 504 | _aIncludes bibliographical references. | ||
| 650 | 0 |
_aNarcotics _xPsychological aspects _983321 |
|
| 650 | 7 |
_aİlaç kontrolü _zTürkiye _2etuturkob _983322 |
|
| 650 | 0 |
_aDrug control _zTurkey _983323 |
|
| 650 | 7 |
_aİlaç bağımlılığı _zTürkiye _2etuturkob _9103925 |
|
| 650 | 0 |
_aDrug addiction _zTurkey _983325 |
|
| 650 | 7 |
_aUyuşturucular _xPsikolojik yönleri _2etuturkob _983320 |
|
| 942 | _cBK | ||